000 00400 a2200157 4500
999 _c12701
_d12701
003 OSt
005 20240704130630.0
008 240704b ||||| |||| 00| 0 eng d
020 _a9788494933059
082 _a724.6
_bPAP
100 _aRémi Papillault
245 _aChandigarh and Le Corbusier: The creation of a city in India
260 _aspain
_bAltrim
_c2023
300 _a311p;
942 _2ddc